都市名から気候当て3 - Statistics

General Stats
  • This quiz has been taken 17 times
    15 since last reset
  • The average score is 8 of 20
Answer Stats
Hint Extra Hint Answer % Correct
リスボン ポルトガルの首都、大航海時代が全盛期 Cs
79%
サンフランシスコ アメリカ西海岸の都市、1951年のサンフランシスコ平和条約で日本が国際社会に復帰 Cs
71%
ウィニペグ カナダの都市、交通都市 Df
64%
ニューオーリンズ ミシシッピ川河口の都市、鳥趾状三角州となっている Cfa
57%
メルボルン オーストラリア南部の都市、かつての首都、南半球初のオリンピックが開催された Cfb
50%
ヘルシンキ フィンランドの首都、寒そうだが過去に夏季オリンピックが開催された Df
50%
大連(ターリエン) 東北地方の大都市、日本統治時代の建物がちらほら Dw
43%
ダルエスサラーム タンザニアの首都、法律上の首都はドドマ Aw
36%
カイロ エジプトの首都、円弧状三角州の南側の頂点にある BW
36%
カラチ パキスタンの人口最大の都市、インダス川の河口ではない BW
36%
カトマンズ ネパールの首都、カトマンズ盆地にある Cw
36%
イキトス ペルー内陸部の都市、陸路では行けない世界最大の町 Af
29%
ホーチミン ベトナムの人口最大の都市、旧称はサイゴン、フランス色が強い Aw
29%
ダーウィン オーストラリア北部の都市 Aw
29%
富士山頂 「富士山-信仰の対象と芸術の源泉」の構成資産 ET
29%
石垣市 竹富町役場は石垣市にある、イシガキトカゲ捕まえたい Af
21%
フリータウン シエラレオネの首都、由来は奴隷解放から Am
21%
ブラジリア ブラジルの首都、市街地がジェット機の形をしている計画都市 Aw
21%
デリー インドの首都、都市圏人口は世界3位 BS
14%
ソウル 韓国の首都、人口は国全体の1/5で約1000万人、漢江がよく凍る Cw
14%
No matching quizzes found
Score Distribution
Percent of People with Each Score
Percentile by Number Answered
Your Score History
You have not taken this quiz since the last reset